[Event "Pan American Intercollegiate-chT"]
[Site "McAllen"]
[Date "2024.01.05"]
[Round "2.11"]
[White "Andersen, Gunnar James"]
[Black "Budisavljevic, Luka"]
[Result "0-1"]
[WhiteElo "2157"]
[BlackElo "2475"]
[PlyCount "134"]
[EventDate "2024.01.04"]
[EventType "team-swiss"]
[EventRounds "6"]
[EventCountry "USA"]
[SourceTitle "CB02_2024"]
[SourceDate "2024.01.10"]
[SourceVersion "1"]
[SourceVersionDate "2024.01.10"]
[SourceQuality "1"]
[WhiteTeam "Maryland BC Univ"]
[BlackTeam "Missouri Univ"]
[WhiteTeamCountry "USA"]
[BlackTeamCountry "USA"]

1. Nf3 d5 2. g3 c5 3. Bg2 e6 4. 0-0 Nf6 5. d3 Be7 6. a4 Nc6 7. Bf4 0-0 8. e4 b6 9. exd5 Nxd5 10. Ne5 Bb7 11. Nc3 Ndb4 12. d4 cxd4 13. Nb5 Bc5 14. c3 dxc3 15. bxc3 Nd5 16. c4 Nxf4 17. gxf4 Nxe5 18. Bxb7 Rb8 19. Bg2 Nxc4 20. Qe2 Na5 21. Qe5 a6 22. Rad1 Qh4 23. Nc7 Rbd8 24. Rxd8 Qxd8 25. Nxa6 Bd4 26. Qe4 Qd7 27. Nb4 Bc5 28. Nd3 Bd4 29. Nb4 Rd8 30. Nc6 Nxc6 31. Qxc6 Qxc6 32. Bxc6 Bc5 33. Kg2 Rd4 34. Kf3 Bd6 35. Ke3 Bc5 36. Kf3 Bd6 37. Ke3 Rc4 38. Bb5 Bxf4+ 39. Kf3 Rd4 40. h3 g6 41. Re1 Bd6 42. Re4 Rxe4 43. Kxe4 f5+ 44. Kd3 Kf7 45. Kc4 Ke7 46. Bc6 Bc7 47. Kb5 Kd6 48. Bb7 Bd8 49. f3 g5 50. Bc8 h5 51. Kc4 Ke5 52. Kd3 Be7 53. Ke2 Ba3 54. Bd7 Bc1 55. Bc8 Bf4 56. Bd7 g4 57. fxg4 hxg4 58. hxg4 fxg4 59. Kd3 Kd5 60. Bc8 Bd6 61. Ke3 Bh2 62. Kd3 Bf4 63. Kc3 Bg5 64. Kd3 Bc1 65. Kc3 Ke4 66. Kc4 Bd2 67. Bxe6 g3 0-1

[Event "North American op 33rd"]
[Site "Las Vegas"]
[Date "2023.12.29"]
[Round "8"]
[White "Andersen, Gunnar James"]
[Black "Liang, Jason"]
[Result "1/2-1/2"]
[WhiteElo "2157"]
[BlackElo "2446"]
[PlyCount "63"]
[EventDate "2023.12.26"]
[EventType "swiss"]
[EventRounds "9"]
[EventCountry "USA"]
[SourceTitle "CB01_2024"]
[SourceDate "2024.01.03"]
[SourceVersion "1"]
[SourceVersionDate "2024.01.03"]
[SourceQuality "1"]

1. Nf3 d5 2. g3 Bg4 3. Bg2 Nd7 4. c4 e6 5. d4 c6 6. cxd5 exd5 7. Qb3 Qb6 8. Qe3+ Be7 9. 0-0 Ngf6 10. Nc3 Qd8 11. h3 Bxf3 12. Qxf3 0-0 13. Bf4 Nb6 14. a4 a5 15. g4 Nc4 16. g5 Ne8 17. e4 dxe4 18. Nxe4 Ned6 19. h4 Nf5 20. Qg4 Nxd4 21. Rad1 c5 22. b3 Nb6 23. Be5 Qc8 24. Qxc8 Raxc8 25. Bxd4 cxd4 26. Rxd4 Rfd8 27. Rfd1 Rxd4 28. Rxd4 Kf8 29. Nd6 Rc1+ 30. Kh2 Rc3 31. Nxb7 Rxb3 32. Nxa5 1/2-1/2

[Event "North American op 33rd"]
[Site "Las Vegas"]
[Date "2023.12.29"]
[Round "7"]
[White "Bachin, Vitaly"]
[Black "Andersen, Gunnar James"]
[Result "0-1"]
[WhiteElo "2296"]
[BlackElo "2157"]
[PlyCount "126"]
[EventDate "2023.12.26"]
[EventType "swiss"]
[EventRounds "9"]
[EventCountry "USA"]
[SourceTitle "CB01_2024"]
[SourceDate "2024.01.03"]
[SourceVersion "1"]
[SourceVersionDate "2024.01.03"]
[SourceQuality "1"]

1. e4 c5 2. Nc3 Nc6 3. g3 g6 4. Bg2 Bg7 5. d3 Rb8 6. Be3 d6 7. Qd2 b5 8. f4 b4 9. Nd1 Bd7 10. Nf3 Nf6 11. h3 0-0 12. g4 a5 13. 0-0 a4 14. Rc1 Qa5 15. f5 c4 16. Bh6 c3 17. bxc3 bxc3 18. Qe3 e6 19. Bxg7 Kxg7 20. g5 Nh5 21. f6+ Kh8 22. d4 Rfc8 23. Nxc3 a3 24. Nb1 Nb4 25. Qxa3 Qxa3 26. Nxa3 Ra8 27. Rb1 Nxa2 28. Nb5 Bxb5 29. Rxb5 Ng3 30. Re1 Rxc2 31. d5 Nc3 32. Rb7 e5 33. Bf1 Nge2+ 34. Kh2 Kg8 35. Rd7 h6 36. gxh6 Kh7 37. Ng5+ Kxh6 38. Nxf7+ Kh5 39. Bxe2+ Nxe2 40. Rd8 Rxd8 41. Nxd8 Kh4 42. Kg2 Nd4+ 43. Kf1 Kg3 44. Re3+ Nf3 45. Rxf3+ Kxf3 46. Ke1 Ke3 47. Kd1 Rf2 48. f7 g5 49. Ke1 Rf4 50. Kd1 Kd3 51. Kc1 Rf2 52. Kb1 Kc3 53. Ne6 Rxf7 54. Nxg5 Rf1+ 55. Ka2 Kb4 56. h4 Rh1 57. Nf7 Rh2+ 58. Kb1 Kc5 59. Nd8 Kd4 60. Nb7 Kxe4 61. Nxd6+ Kxd5 62. Nf5 Ke4 63. Nd6+ Kd3 0-1

[Event "North American op 33rd"]
[Site "Las Vegas"]
[Date "2023.12.26"]
[Round "1"]
[White "Oparin, Grigoriy"]
[Black "Andersen, Gunnar James"]
[Result "1-0"]
[WhiteElo "2667"]
[BlackElo "2157"]
[PlyCount "55"]
[EventDate "2023.12.26"]
[EventType "swiss"]
[EventRounds "9"]
[EventCountry "USA"]
[SourceTitle "CB01_2024"]
[SourceDate "2024.01.03"]
[SourceVersion "1"]
[SourceVersionDate "2024.01.03"]
[SourceQuality "1"]

1. e4 c5 2. Nc3 Nc6 3. Nge2 e6 4. d4 cxd4 5. Nxd4 Nf6 6. Be2 Be7 7. 0-0 d6 8. Be3 0-0 9. a4 e5 10. Nb3 Be6 11. Bf3 Nb4 12. Re1 b6 13. Re2 Rc8 14. Rd2 Qd7 15. h3 Qb7 16. a5 b5 17. a6 Qb8 18. Nd5 Bxd5 19. exd5 e4 20. Bg4 Nxg4 21. hxg4 Bf6 22. c3 Nd3 23. g5 Be5 24. Na5 Qa8 25. Nc6 Rxc6 26. dxc6 Qxc6 27. Rxd3 exd3 28. f4 1-0

[Event "Lignano Bella Italia op 2nd"]
[Site "Lignano Sabbiadoro"]
[Date "2023.08.19"]
[Round "4"]
[White "Gonella, Daniele"]
[Black "Andersen, Gunnar James"]
[Result "1-0"]
[WhiteElo "2166"]
[BlackElo "2199"]
[PlyCount "91"]
[EventDate "2023.08.17"]
[EventType "swiss"]
[EventRounds "9"]
[EventCountry "ITA"]
[SourceTitle "EXT 2024"]
[Source "ChessBase"]
[SourceDate "2023.10.10"]
[SourceVersion "1"]
[SourceVersionDate "2023.10.10"]
[SourceQuality "1"]

1. d4 g6 2. c4 Bg7 3. Nc3 c5 4. d5 Bxc3+ 5. bxc3 d6 6. e4 e5 7. Bd3 Qe7 8. Ne2 f5 9. exf5 gxf5 10. Ng3 e4 11. 0-0 Kd8 12. Re1 Qf7 13. Be2 Nd7 14. f3 e3 15. f4 h5 16. Bd3 Nf8 17. Bxe3 h4 18. Nf1 h3 19. g3 b6 20. Rb1 Kc7 21. Qb3 Nd7 22. Nd2 Nh6 23. Nf3 Bb7 24. Ng5 Qg6 25. Ne6+ Kc8 26. a4 a5 27. Rb2 Ra6 28. Bf2 Nf6 29. Ng5 Nhg4 30. Qc2 Nh6 31. Qb1 Re8 32. Rxe8+ Qxe8 33. Bxf5+ Kb8 34. Bxh3 Qxa4 35. Bf1 Ka7 36. Ne6 Qd7 37. Qg6 Nhg4 38. h3 Nxf2 39. Rxf2 Qe7 40. Re2 a4 41. Nd4 Qf8 42. Nb5+ Kb8 43. Re6 a3 44. Rxf6 Qxf6 45. Qxf6 a2 46. Qd8+ 1-0

[Event "Lignano Bella Italia op 2nd"]
[Site "Lignano Sabbiadoro"]
[Date "2023.08.18"]
[Round "2"]
[White "Saketh, Pedagandham"]
[Black "Andersen, Gunnar James"]
[Result "1/2-1/2"]
[WhiteElo "2025"]
[BlackElo "2199"]
[PlyCount "64"]
[EventDate "2023.08.17"]
[EventType "swiss"]
[EventRounds "9"]
[EventCountry "ITA"]
[SourceTitle "EXT 2024"]
[Source "ChessBase"]
[SourceDate "2023.10.10"]
[SourceVersion "1"]
[SourceVersionDate "2023.10.10"]
[SourceQuality "1"]

1. e4 g6 2. d4 Bg7 3. Nc3 d5 4. exd5 Nf6 5. Nf3 Nxd5 6. Nxd5 Qxd5 7. Be2 0-0 8. 0-0 Qd6 9. c3 Nd7 10. Re1 b6 11. Nd2 Bb7 12. Bf3 Bxf3 13. Nxf3 h6 14. g3 Nf6 15. Bf4 Qd7 16. Be5 Rfd8 17. Qe2 Rac8 18. Rad1 b5 19. b3 c6 20. Bxf6 Bxf6 21. Ne5 Qf5 22. Qd3 Bxe5 23. Qxf5 gxf5 24. Rxe5 e6 25. Rc5 Kf8 26. f4 Rd5 27. Kf2 Ke7 28. Ke3 f6 29. Rxd5 cxd5 30. Kd3 a5 31. a3 h5 32. Rc1 Kd7 1/2-1/2

[Event "Lignano Bella Italia op 2nd"]
[Site "Lignano Sabbiadoro"]
[Date "2023.08.17"]
[Round "1"]
[White "Andersen, Gunnar James"]
[Black "Pedoni, Lorenzo"]
[Result "0-1"]
[WhiteElo "2199"]
[BlackElo "2012"]
[PlyCount "160"]
[EventDate "2023.08.17"]
[EventType "swiss"]
[EventRounds "9"]
[EventCountry "ITA"]
[SourceTitle "EXT 2024"]
[Source "ChessBase"]
[SourceDate "2023.10.10"]
[SourceVersion "1"]
[SourceVersionDate "2023.10.10"]
[SourceQuality "1"]

1. d4 Nf6 2. Nc3 d5 3. Bf4 c5 4. e4 Nxe4 5. Nxe4 dxe4 6. dxc5 Qa5+ 7. c3 Qxc5 8. Qa4+ Bd7 9. Qxe4 Bc6 10. Qe3 Nd7 11. Nf3 Qxe3+ 12. Bxe3 e5 13. Bc4 f6 14. 0-0-0 Bc5 15. Bxc5 Nxc5 16. Rhe1 Ne4 17. Bd5 Nxf2 18. Nxe5 Bxd5 19. Ng6+ Be4 20. Nxh8 Kf8 21. Rxe4 Nxe4 22. Rd7 Nc5 23. Rc7 Nd3+ 24. Kc2 Ne5 25. Rxb7 Kg8 26. a4 Kxh8 27. a5 Kg8 28. a6 Nc4 29. b4 g5 30. Kb3 Ne5 31. b5 f5 32. c4 f4 33. c5 g4 34. c6 Rc8 35. Re7 Nxc6 36. Re4 Na5+ 37. Kb4 Nc6+ 38. Ka4 h5 39. Rxf4 Ne7 40. Rd4 Rc7 41. Rd8+ Kg7 42. Kb4 Kg6 43. h3 Kg5 44. hxg4 Kxg4 45. Ka5 Nc8 46. Rg8+ Kh4 47. Rg6 Rc4 48. Rg7 Rg4 49. Rc7 Rg8 50. Rc5 Kg4 51. Rc7 h4 52. Rh7 Kg3 53. Rh6 Rg4 54. Rc6 Nb6 55. Rc3+ Kh2 56. Rh3+ Kxg2 57. Rh2+ Kg3 58. Rg2+ Kf4 59. Rf2+ Ke5 60. Rf5+ Kd4 61. Rf7 Kc5 62. Rc7+ Kd6 63. Rc6+ Ke5 64. Re6+ Kd4 65. Re7 Nc8 66. Rc7 Rg8 67. Rh7 Rg4 68. Rc7 Nd6 69. Rxa7 Rg5 70. Rd7 Kc5 71. Rxd6 Kxd6 72. a7 Rg1 73. b6 Kc5 74. Ka6 Ra1+ 75. Kb7 h3 76. Ka8 Rb1 77. b7 h2 78. Kb8 Rxb7+ 79. Kxb7 h1Q+ 80. Kb8 Kb6 0-1

[Event "Split op 12th"]
[Site "Split"]
[Date "2023.08.13"]
[Round "9"]
[White "Piddubna, Bozhena"]
[Black "Andersen, Gunnar James"]
[Result "1/2-1/2"]
[WhiteElo "1888"]
[BlackElo "2199"]
[PlyCount "58"]
[EventDate "2023.08.05"]
[EventType "swiss"]
[EventRounds "9"]
[EventCountry "CRO"]
[SourceTitle "CBM 215 Extra"]
[Source "ChessBase"]
[SourceDate "2023.09.30"]
[SourceVersion "1"]
[SourceVersionDate "2023.09.30"]
[SourceQuality "1"]

1. d4 Nf6 2. Nf3 g6 3. c4 Bg7 4. g3 0-0 5. Bg2 d5 6. 0-0 Nc6 7. cxd5 Nxd5 8. e4 Nb6 9. d5 Na5 10. Nc3 c6 11. dxc6 Nxc6 12. Qe2 Bg4 13. Be3 e5 14. h3 Nd4 15. Bxd4 exd4 16. hxg4 dxc3 17. bxc3 Na4 18. e5 Nxc3 19. Qb2 Qa5 20. Rfe1 Rab8 21. Rac1 Rbc8 22. Re3 Qxa2 23. Qxa2 Nxa2 24. Rxc8 Rxc8 25. Ra3 Nb4 26. Rxa7 Nc6 27. Rxb7 Nxe5 28. Nxe5 Bxe5 29. Bd5 Rc7 1/2-1/2

[Event "Split op 12th"]
[Site "Split"]
[Date "2023.08.11"]
[Round "7"]
[White "Zylka, Stanislaw"]
[Black "Andersen, Gunnar James"]
[Result "1-0"]
[WhiteElo "2427"]
[BlackElo "2199"]
[PlyCount "149"]
[EventDate "2023.08.05"]
[EventType "swiss"]
[EventRounds "9"]
[EventCountry "CRO"]
[SourceTitle "CBM 215 Extra"]
[Source "ChessBase"]
[SourceDate "2023.09.30"]
[SourceVersion "1"]
[SourceVersionDate "2023.09.30"]
[SourceQuality "1"]

1. Nf3 Nf6 2. c4 g6 3. Nc3 Bg7 4. e4 d6 5. d4 0-0 6. h3 e5 7. dxe5 dxe5 8. Qxd8 Rxd8 9. Bg5 Re8 10. Nd5 Nxd5 11. cxd5 c6 12. Bc4 cxd5 13. Bxd5 Nd7 14. Rc1 Nb6 15. Bb3 Be6 16. Bxe6 Rxe6 17. Ke2 f6 18. Be3 Bf8 19. Rc7 Re7 20. Rhc1 Rae8 21. Nd2 Rxc7 22. Rxc7 Re7 23. Bxb6 axb6 24. Rc8 b5 25. Nf1 Re6 26. Ne3 Rc6 27. Rb8 b6 28. Kd3 Kf7 29. Nd5 Bc5 30. f3 h5 31. Rb7+ Kf8 32. Rc7 Rd6 33. b3 h4 34. a4 bxa4 35. bxa4 Bf2 36. Kc4 f5 37. Kb5 fxe4 38. fxe4 Rd8 39. Rh7 Rd6 40. Rb7 g5 41. Nxb6 Rd2 42. Nc4 Ra2 43. a5 Bd4 44. a6 Rxg2 45. Nxe5 Bxe5 46. a7 Ra2 47. Rb8+ Kg7 48. a8Q Rb2+ 49. Kc6 Rxb8 50. Qa7+ Kg6 51. Qd7 Rf8 52. Kd5 Bg7 53. Qe6+ Rf6 54. Qe8+ Kh6 55. e5 Rf8 56. Qc6+ Kh5 57. e6 Rd8+ 58. Ke4 Bf6 59. Qc7 Kh6 60. Qf7 Rd4+ 61. Ke3 Rf4 62. Kd3 Rd4+ 63. Kc2 Rf4 64. e7 Bxe7 65. Qxe7 Kg6 66. Kd3 Kh6 67. Ke3 Kg6 68. Qe8+ Kg7 69. Qh5 Kf6 70. Qh6+ Kf5 71. Qc6 Ke5 72. Qg6 Rf5 73. Qg7+ Ke6 74. Qg8+ Ke5 75. Qg6 1-0

[Event "Split op 12th"]
[Site "Split"]
[Date "2023.08.08"]
[Round "5"]
[White "Grgantov, Marin"]
[Black "Andersen, Gunnar James"]
[Result "0-1"]
[WhiteElo "2109"]
[BlackElo "2199"]
[PlyCount "58"]
[EventDate "2023.08.05"]
[EventType "swiss"]
[EventRounds "9"]
[EventCountry "CRO"]
[SourceTitle "CBM 215 Extra"]
[Source "ChessBase"]
[SourceDate "2023.09.30"]
[SourceVersion "1"]
[SourceVersionDate "2023.09.30"]
[SourceQuality "1"]

1. e4 c5 2. Nf3 Nc6 3. d4 cxd4 4. Nxd4 Nf6 5. Nc3 e6 6. Ndb5 Bc5 7. Bf4 0-0 8. Bd6 Qb6 9. Bxc5 Qxc5 10. Qd6 Qb6 11. a4 Ne8 12. Qa3 a6 13. a5 Qd8 14. Nd6 Nxd6 15. Qxd6 b6 16. axb6 Qxb6 17. Na4 Qa5+ 18. c3 Rb8 19. b4 Qg5 20. f4 Qg4 21. Kf2 e5 22. g3 exf4 23. Qxf4 Qg6 24. Nc5 d6 25. Nxa6 Ra8 26. Kg2 Ne5 27. Be2 Bb7 28. Nc5 dxc5 29. Qxe5 Rae8 0-1

[Event "Belgrade Serbia op"]
[Site "Belgrade"]
[Date "2023.07.23"]
[Round "8"]
[White "Hemanth, Raam"]
[Black "Andersen, Gunnar James"]
[Result "0-1"]
[WhiteElo "2042"]
[BlackElo "2279"]
[PlyCount "82"]
[EventDate "2023.07.16"]
[EventType "swiss"]
[EventRounds "9"]
[EventCountry "SRB"]
[SourceTitle "EXT 2024"]
[Source "ChessBase"]
[SourceDate "2023.10.10"]
[SourceVersion "1"]
[SourceVersionDate "2023.10.10"]
[SourceQuality "1"]

1. e4 c5 2. Nf3 Nc6 3. Bc4 Nf6 4. e5 d5 5. Bb5 Nd7 6. Bxc6 bxc6 7. 0-0 e6 8. d3 Be7 9. Re1 0-0 10. Nbd2 Qc7 11. Nb3 f6 12. exf6 Bxf6 13. Ng5 Bxg5 14. Bxg5 Qd6 15. Bh4 Ba6 16. Bg3 e5 17. Qd2 c4 18. dxc4 Bxc4 19. Na5 Ba6 20. Qc3 c5 21. Bxe5 Qg6 22. Bg3 Rf7 23. Rad1 d4 24. Qb3 Nb6 25. Qa3 Rc8 26. Rd2 h5 27. h4 Nd5 28. Re5 Ne3 29. Rg5 Qe4 30. fxe3 dxe3 31. Rd1 e2 32. Re1 Qd4+ 33. Kh2 Rf1 34. Qc3 Qg1+ 35. Kh3 Rc7 36. Rf5 Bc8 37. Qe5 Qh1+ 38. Bh2 Rxf5 39. Qe8+ Rf8+ 40. Qxc8 Rcxc8 41. Rxh1 Rf1 0-1

[Event "Paris-ch IdF"]
[Site "Paris"]
[Date "2023.07.14"]
[Round "6"]
[White "Andersen, Gunnar James"]
[Black "Bouget, Alexandre"]
[Result "1-0"]
[WhiteElo "2279"]
[BlackElo "2253"]
[PlyCount "119"]
[EventDate "2023.07.11"]
[EventType "swiss"]
[EventRounds "9"]
[EventCountry "FRA"]
[SourceTitle "CBM 215 Extra"]
[Source "ChessBase"]
[SourceDate "2023.09.30"]
[SourceVersion "1"]
[SourceVersionDate "2023.09.30"]
[SourceQuality "1"]

1. e4 e5 2. Nf3 Nc6 3. Bb5 a6 4. Ba4 Nf6 5. 0-0 Be7 6. Re1 b5 7. Bb3 d6 8. c3 0-0 9. h3 Na5 10. Bc2 c5 11. d4 Nd7 12. d5 Nb6 13. b3 Bd7 14. Nbd2 c4 15. b4 Nb7 16. a3 a5 17. Bb2 axb4 18. axb4 Rxa1 19. Qxa1 Qc7 20. Nf1 f5 21. exf5 Nxd5 22. Qd1 Bc6 23. Ng3 Nd8 24. Bb1 Qb7 25. Ne4 Nf7 26. Bc1 Nf6 27. Neg5 Nxg5 28. Nxg5 h6 29. Ne6 Bxg2 30. Re3 Be4 31. Bxe4 Nxe4 32. Qg4 Bg5 33. Qxe4 Qxe4 34. Rxe4 Bxc1 35. Nxf8 Kxf8 36. Re2 Ke7 37. Kf1 Bf4 38. Ra2 d5 39. Ke2 d4 40. Ra5 dxc3 41. Kd1 Kf6 42. Rxb5 Kxf5 43. Rc5 Ke4 44. Rxc4+ Kd3 45. Rxf4 exf4 46. b5 f3 47. b6 c2+ 48. Kc1 Ke2 49. b7 Kxf2 50. b8Q Kg2 51. Qb7 g5 52. Kxc2 h5 53. Kd2 g4 54. hxg4 hxg4 55. Ke3 Kg1 56. Qb2 Kh1 57. Kf2 g3+ 58. Kxg3 f2 59. Qb7+ Kg1 60. Qg2# 1-0

[Event "Paris-ch IdF"]
[Site "Paris"]
[Date "2023.07.13"]
[Round "3"]
[White "Andersen, Gunnar James"]
[Black "Laurent, Julien G"]
[Result "1/2-1/2"]
[WhiteElo "2279"]
[BlackElo "2225"]
[PlyCount "64"]
[EventDate "2023.07.11"]
[EventType "swiss"]
[EventRounds "9"]
[EventCountry "FRA"]
[SourceTitle "CBM 215 Extra"]
[Source "ChessBase"]
[SourceDate "2023.09.30"]
[SourceVersion "1"]
[SourceVersionDate "2023.09.30"]
[SourceQuality "1"]

1. e4 c6 2. d4 d5 3. e5 Bf5 4. g4 Bd7 5. Nc3 h5 6. gxh5 Nh6 7. Nge2 Bg4 8. Qd3 e6 9. Ng3 Nf5 10. Be2 Qh4 11. Bxg4 Qxg4 12. Nce2 Nh4 13. f4 c5 14. Bd2 Nf3+ 15. Kf2 Nxd2 16. Qxd2 cxd4 17. h3 Qh4 18. Nxd4 Bc5 19. Kg2 Bxd4 20. Qxd4 Nc6 21. Qf2 0-0-0 22. a4 f6 23. exf6 gxf6 24. Ra3 Rhg8 25. Kh2 e5 26. Ne4 Qxf2+ 27. Nxf2 e4 28. Rd1 Rh8 29. c4 dxc4 30. Rxd8+ Kxd8 31. Nxe4 Rxh5 32. Nd6 Rd5 1/2-1/2

[Event "Paris-ch IdF"]
[Site "Paris"]
[Date "2023.07.11"]
[Round "1"]
[White "Harshavardhan, GB."]
[Black "Andersen, Gunnar James"]
[Result "1-0"]
[WhiteElo "2405"]
[BlackElo "2279"]
[PlyCount "51"]
[EventDate "2023.07.11"]
[EventType "swiss"]
[EventRounds "9"]
[EventCountry "FRA"]
[SourceTitle "CBM 215 Extra"]
[Source "ChessBase"]
[SourceDate "2023.09.30"]
[SourceVersion "1"]
[SourceVersionDate "2023.09.30"]
[SourceQuality "1"]

1. d4 Nf6 2. c4 g6 3. Nc3 d5 4. Nf3 Bg7 5. Bf4 c5 6. dxc5 Qa5 7. cxd5 Nxd5 8. Qxd5 Bxc3+ 9. Bd2 Bxd2+ 10. Qxd2 Qxd2+ 11. Kxd2 Na6 12. Rc1 0-0 13. e4 Rd8+ 14. Ke3 Nb4 15. Bc4 Be6 16. Bxe6 fxe6 17. a3 Nd3 18. Rc2 Rd7 19. b4 Rad8 20. Rb1 e5 21. g3 Rf8 22. Rc3 e6 23. Ke2 g5 24. Rd1 g4 25. Rcxd3 gxf3+ 26. Ke3 1-0

[Event "World op 51st"]
[Site "Philadelphia"]
[Date "2023.07.01"]
[Round "2"]
[White "Andersen, Gunnar James"]
[Black "Bian, Erin"]
[Result "1/2-1/2"]
[WhiteElo "2283"]
[BlackElo "1918"]
[PlyCount "71"]
[EventDate "2023.06.30"]
[EventType "swiss"]
[EventRounds "9"]
[EventCountry "USA"]
[SourceTitle "CBM 215 Extra"]
[Source "ChessBase"]
[SourceDate "2023.09.30"]
[SourceVersion "1"]
[SourceVersionDate "2023.09.30"]
[SourceQuality "1"]

1. e4 e5 2. Nc3 Nc6 3. f4 Bb4 4. Nf3 d6 5. Nd5 Bc5 6. c3 Nf6 7. d4 exd4 8. cxd4 Bb6 9. Nxb6 axb6 10. Bd3 d5 11. e5 Ne4 12. 0-0 Bf5 13. Be3 0-0 14. Bb1 Na5 15. Qe1 Nc4 16. Bc1 c5 17. h3 h5 18. Kh2 Re8 19. Rg1 Ned6 20. b3 Na5 21. Bb2 Nc6 22. dxc5 bxc5 23. Qg3 Ne4 24. Bxe4 Bxe4 25. Ng5 Nd4 26. Rgd1 Nf5 27. Qe1 Qb6 28. Nxe4 dxe4 29. Qxe4 Qg6 30. Qxb7 Qg3+ 31. Kh1 Qf2 32. Bc1 Ng3+ 33. Kh2 Nf1+ 34. Kh1 Ng3+ 35. Kh2 Nf1+ 36. Kh1 1/2-1/2

[Event "CAN Transnational op"]
[Site "Montreal"]
[Date "2023.06.11"]
[Round "8"]
[White "Xu, Daniel"]
[Black "Andersen, Gunnar James"]
[Result "0-1"]
[WhiteElo "2276"]
[BlackElo "2283"]
[PlyCount "52"]
[EventDate "2023.06.06"]
[EventType "swiss"]
[EventRounds "9"]
[EventCountry "CAN"]
[SourceTitle "CBM 214 Extra"]
[Source "ChessBase"]
[SourceDate "2023.07.31"]
[SourceVersion "1"]
[SourceVersionDate "2023.07.31"]
[SourceQuality "1"]

1. e4 c5 2. Nf3 Nc6 3. d4 cxd4 4. Nxd4 e5 5. Nb5 d6 6. N1c3 a6 7. Na3 Be6 8. Nc4 Rb8 9. Nd5 Nf6 10. Nxf6+ Qxf6 11. Be3 Rd8 12. Nb6 Qg6 13. f3 d5 14. Nxd5 Bxd5 15. exd5 Nb4 16. Rc1 Nxd5 17. Qe2 Be7 18. Bd2 0-0 19. g3 Rfe8 20. Qe4 f5 21. Qc4 e4 22. f4 Kh8 23. Bg2 Qb6 24. Qb3 Qd4 25. Rd1 Nxf4 26. Bf1 e3 0-1

[Event "CAN Transnational op"]
[Site "Montreal"]
[Date "2023.06.06"]
[Round "1"]
[White "Andersen, Gunnar James"]
[Black "Moradiabadi, Elshan"]
[Result "0-1"]
[WhiteElo "2283"]
[BlackElo "2520"]
[PlyCount "62"]
[EventDate "2023.06.06"]
[EventType "swiss"]
[EventRounds "9"]
[EventCountry "CAN"]
[SourceTitle "CBM 214 Extra"]
[Source "ChessBase"]
[SourceDate "2023.07.31"]
[SourceVersion "1"]
[SourceVersionDate "2023.07.31"]
[SourceQuality "1"]

1. e4 e5 2. Nf3 Nc6 3. Bb5 a6 4. Ba4 Bc5 5. c3 Nge7 6. 0-0 Ng6 7. d4 Ba7 8. Be3 0-0 9. Nbd2 exd4 10. cxd4 d5 11. e5 Nce7 12. Bc2 Bf5 13. h4 Bg4 14. Qb1 Qd7 15. Nh2 h6 16. f4 Nxh4 17. g3 Nhg6 18. Nxg4 Qxg4 19. Kf2 c5 20. Nf3 cxd4 21. Nxd4 Bxd4 22. Bxd4 Nxf4 23. Qd1 Qxd1 24. Raxd1 Ne6 25. Bc3 Rfd8 26. Bb3 a5 27. a4 Nc5 28. Bc2 Nc6 29. Bd4 Ne6 30. Bb6 Rd7 31. Bb3 Ra6 0-1

[Event "Chicago op 32nd"]
[Site "Chicago"]
[Date "2023.05.26"]
[Round "3"]
[White "Andersen, Gunnar James"]
[Black "Wu, William2222"]
[Result "1/2-1/2"]
[WhiteElo "2283"]
[BlackElo "1991"]
[PlyCount "54"]
[EventDate "2023.05.25"]
[EventType "swiss"]
[EventRounds "9"]
[EventCountry "USA"]
[SourceTitle "CBM 214 Extra"]
[Source "ChessBase"]
[SourceDate "2023.07.31"]
[SourceVersion "1"]
[SourceVersionDate "2023.07.31"]
[SourceQuality "1"]

1. d4 f5 2. Nc3 Nf6 3. Bf4 g6 4. h4 h6 5. e4 fxe4 6. f3 d5 7. Qe2 Bg7 8. 0-0-0 Be6 9. Qb5+ Nbd7 10. Qxb7 0-0 11. Qc6 Bf7 12. Ba6 Ne8 13. fxe4 dxe4 14. Qxe4 Nd6 15. Qe2 Rb8 16. Nf3 c5 17. Bxd6 exd6 18. Bc4 Qb6 19. b3 cxd4 20. Nd5 Qa5 21. Ne7+ Kh8 22. Ng5 Qa3+ 23. Kb1 d3 24. cxd3 Bxc4 25. Nxg6+ Kg8 26. Ne7+ Kh8 27. Ng6+ Kg8 1/2-1/2

[Event "Chicago op 32nd"]
[Site "Chicago"]
[Date "2023.05.26"]
[Round "2"]
[White "Wieczorek, Oskar"]
[Black "Andersen, Gunnar James"]
[Result "1/2-1/2"]
[WhiteElo "2512"]
[BlackElo "2283"]
[PlyCount "85"]
[EventDate "2023.05.25"]
[EventType "swiss"]
[EventRounds "9"]
[EventCountry "USA"]
[SourceTitle "CBM 214 Extra"]
[Source "ChessBase"]
[SourceDate "2023.07.31"]
[SourceVersion "1"]
[SourceVersionDate "2023.07.31"]
[SourceQuality "1"]

1. e4 c5 2. Nf3 Nc6 3. d4 cxd4 4. Nxd4 e5 5. Nb5 d6 6. N1c3 a6 7. Na3 Be6 8. Nc4 Rb8 9. Nd5 Bxd5 10. exd5 Nce7 11. a4 Nf6 12. g4 h6 13. Bg2 Ng6 14. h4 Qc8 15. Nb6 Qxg4 16. Qxg4 Nxg4 17. a5 h5 18. f3 Nf6 19. Ra4 Nd7 20. Nxd7 Kxd7 21. Bh3+ Ke8 22. Be3 Be7 23. Bf5 Bd8 24. Bd3 Rf8 25. Ke2 Ne7 26. c4 f5 27. Rg1 g6 28. Ba7 Ra8 29. Bf2 Rb8 30. Ba7 Ra8 31. Be3 Rb8 32. b4 Rc8 33. Kd2 e4 34. fxe4 fxe4 35. Bxe4 Rxc4 36. Kd3 Rc8 37. Bxg6+ Nxg6 38. Rxg6 Bf6 39. Ra3 Kf7 40. Rg2 Bxh4 41. Rh2 Bf6 42. Rxh5 Rh8 43. Rxh8 1/2-1/2

[Event "Los Angeles 1000GM Spring op"]
[Site "Los Angeles"]
[Date "2023.03.21"]
[Round "8"]
[White "Andersen, Gunnar James"]
[Black "Bick, Gabriel James"]
[Result "1/2-1/2"]
[WhiteElo "2247"]
[BlackElo "2391"]
[PlyCount "63"]
[EventDate "2023.03.17"]
[EventType "swiss"]
[EventRounds "9"]
[EventCountry "USA"]
[SourceTitle "CBM 213 Extra"]
[Source "ChessBase"]
[SourceDate "2023.05.31"]
[SourceVersion "1"]
[SourceVersionDate "2023.05.31"]
[SourceQuality "1"]

1. e4 e5 2. Nf3 Nc6 3. Bb5 a6 4. Ba4 Nf6 5. 0-0 Bc5 6. c3 b5 7. Bb3 d6 8. d4 Bb6 9. Be3 0-0 10. Nbd2 h6 11. h3 Re8 12. Bc2 Rb8 13. a3 exd4 14. cxd4 Ne7 15. b4 Ng6 16. Re1 Bb7 17. Qb1 Re7 18. a4 Qe8 19. d5 Bxe3 20. Rxe3 c6 21. axb5 axb5 22. dxc6 Bxc6 23. Nd4 d5 24. Nf5 Re6 25. Nd4 Re7 26. Nf5 Re6 27. Nd4 Re7 28. Nf5 Re5 29. Nf3 dxe4 30. Nxe5 Qxe5 31. Ng3 Nf4 32. Nf5 1/2-1/2